Geography Questions of the day (Week 1) - Statistics

General Stats
  • This quiz has been taken 31 times
  • The average score is 4 of 5
Answer Stats
Geography Question Answer % Correct
What is the largest country in the world?(By area) Russia
100%
What is the capital of Canada Ottawa
97%
What country owns Greenland? Denmark
93%
What country is Mt. Kilimanjaro located in? Tanzania
86%
What is the largest U.S. state capital by area? Juneau, Alaska
62%
No matching quizzes found
Score Distribution
Percent of People with Each Score
Percentile by Number Answered
Your Score History
You have not taken this quiz